[Event "Moscow op-A"]
[Site "Moscow"]
[Date "2009.02.06"]
[Round "7"]
[White "Skvortsov, Mikhail S"]
[Black "Meribanov, Vitaly"]
[Result "0-1"]
[WhiteElo "2373"]
[BlackElo "2125"]
[PlyCount "40"]
[EventDate "2009.01.31"]
[EventType "swiss"]
[EventRounds "9"]
[EventCountry "RUS"]
[SourceTitle "EXT 2023"]
[Source "ChessBase"]
[SourceDate "2022.10.05"]
[SourceVersion "1"]
[SourceVersionDate "2022.10.05"]
[SourceQuality "1"]

1. d4 Nf6 2. Bg5 g6 3. Nd2 d5 4. e3 Bg7 5. Bd3 0-0 6. Ngf3 b6 7. c3 Bb7 8. Ne5 Ne4 9. Bf4 Nd7 10. Ndf3 Nb8 11. h4 f6 12. Ng4 Qd7 13. Nh6+ Kh8 14. g4 Nc6 15. g5 e5 16. dxe5 fxe5 17. Nxe5 Bxe5 18. Bxe4 Bxf4 19. exf4 Rae8 20. f3 Qd6 0-1

[Event "Moscow op-A"]
[Site "Moscow"]
[Date "2009.02.04"]
[Round "5"]
[White "Skvortsov, Mikhail S"]
[Black "Kozganbay, Erkin"]
[Result "0-1"]
[WhiteElo "2373"]
[BlackElo "2161"]
[PlyCount "75"]
[EventDate "2009.01.31"]
[EventType "swiss"]
[EventRounds "9"]
[EventCountry "RUS"]
[SourceTitle "EXT 2022"]
[Source "ChessBase"]
[SourceDate "2021.10.06"]
[SourceVersion "1"]
[SourceVersionDate "2021.10.06"]
[SourceQuality "1"]

1. d4 Nf6 2. Bg5 Ne4 3. Bh4 c5 4. f3 Nf6 5. dxc5 e6 6. e4 Bxc5 7. c3 Bxg1 8. e5 Bc5 9. exf6 gxf6 10. Nd2 Be7 11. Qa4 Qc7 12. 0-0-0 Nc6 13. Ne4 Qf4+ 14. Kb1 Kf8 15. Bg3 Qf5 16. Bd3 Qa5 17. Qc2 Ne5 18. Qd2 h5 19. Bh4 Qd8 20. Bc2 d5 21. Qd4 Bd7 22. Nxf6 Bxf6 23. Bxf6 Qxf6 24. Rhe1 Ng4 25. fxg4 Qxd4 26. Rxd4 hxg4 27. Rxg4 Rxh2 28. Rb4 Bc6 29. g4 Ke7 30. Rf4 Rah8 31. Ref1 Be8 32. c4 dxc4 33. Be4 b5 34. Re1 Rd2 35. a4 Rhh2 36. axb5 Rxb2+ 37. Kc1 Bxb5 38. g5 0-1

[Event "Gjovik op"]
[Site "Gjovik"]
[Date "2009.01.02"]
[Round "5"]
[White "Stray, Gunnar"]
[Black "Skvortsov, Mikhail S"]
[Result "1-0"]
[WhiteElo "2124"]
[BlackElo "2335"]
[PlyCount "59"]
[EventDate "2008.12.29"]
[EventType "swiss"]
[EventRounds "9"]
[EventCountry "NOR"]
[SourceTitle "CBM 130 Extra"]
[Source "ChessBase"]
[SourceDate "2009.07.02"]
[SourceVersion "2"]
[SourceVersionDate "2009.07.15"]
[SourceQuality "1"]

1. d4 Nf6 2. Nf3 d5 3. e3 e6 4. Bd3 c5 5. b3 Nc6 6. Bb2 Be7 7. Nbd2 0-0 8. a3 b6 9. 0-0 Bb7 10. Qe2 cxd4 11. exd4 Bd6 12. Ne5 Qc7 13. f4 Ne7 14. g4 Rac8 15. Rac1 Bxe5 16. fxe5 Ne8 17. Rf3 Ng6 18. Rcf1 Qe7 19. Qf2 Nc7 20. Rh3 Ba6 21. c4 b5 22. c5 b4 23. Bxa6 Nxa6 24. Qe2 Nxc5 25. dxc5 Qxc5+ 26. Qf2 Qc2 27. Qd4 bxa3 28. Bxa3 Rfd8 29. Rhf3 Rd7 30. Rc1 1-0

[Event "Chigorin Memorial-B 14th"]
[Site "St Petersburg"]
[Date "2006.10.28"]
[Round "7"]
[White "Skvortsov, Mikhail S"]
[Black "Lelekova, Olga"]
[Result "1/2-1/2"]
[WhiteElo "2048"]
[BlackElo "2194"]
[PlyCount "98"]
[EventDate "2006.10.23"]
[EventType "swiss"]
[EventRounds "9"]
[EventCountry "RUS"]
[SourceTitle "EXT 2007"]
[Source "ChessBase"]
[SourceDate "2006.11.23"]
[SourceVersion "1"]
[SourceVersionDate "2006.11.23"]
[SourceQuality "1"]

1. d4 Nf6 2. Nf3 c5 3. d5 d6 4. c4 g6 5. Nc3 Bg7 6. g3 0-0 7. Bg2 Na6 8. 0-0 Nc7 9. e4 Nd7 10. Qc2 Rb8 11. b3 e6 12. Bb2 e5 13. Nd2 f5 14. f4 exf4 15. gxf4 Nf6 16. Rae1 fxe4 17. Ncxe4 Nce8 18. Ng5 Bf5 19. Nde4 Nh5 20. Bxg7 Nexg7 21. Qd2 Re8 22. Ng3 h6 23. Nxf5 Nxf5 24. Rxe8+ Qxe8 25. Ne6 Qf7 26. Qf2 b5 27. cxb5 Rxb5 28. Qe2 Rb4 29. Bh3 Qf6 30. Qa6 Ne3 31. Qc8+ Kh7 32. Nf8+ Kg7 33. Ne6+ Kh7 34. Re1 Nxd5 35. Nf8+ Kg7 36. Ne6+ Kh7 37. Qd7+ Ng7 38. Nxg7 Qxg7 39. Qxd6 Qd4+ 40. Kh1 Nf6 41. Qe7+ Kg8 42. Be6+ Kh8 43. Qf8+ Kh7 44. Qf7+ Kh8 45. Qxg6 Qxf4 46. Bc4 Rb8 47. Rf1 Qe4+ 48. Qxe4 Nxe4 49. Rf7 Nd6 1/2-1/2